[Event "Pula op"]
[Site "Pula"]
[Date "1996.??.??"]
[Round "?"]
[White "Ascic, Pero"]
[Black "Sulava, Nenad"]
[Result "0-1"]
[WhiteElo "2290"]
[BlackElo "2480"]

1.e4 c5 2.Nf3 e6 3.d4 cxd4 4.Nxd4 a6 5.Nc3 Qc7 6.Bd3 Ne7 7.O-O Nec6 8.Nce2 d6
9.b3 Be7 10.Bb2 Bf6 11.c4 Nxd4 12.Bxd4 Bxd4 13.Nxd4 O-O 14.Nc2 b6 15.Ne3 Bb7
16.Qe2 Nc6 17.Rad1 Nd4 18.Qb2 e5 19.Rfe1 Ne6 20.f3 a5 21.Bf1 Rad8 22.Qf2 g6
23.Nd5 Bxd5 24.cxd5 Nd4 25.Rc1 Qa7 26.f4 f6 27.Rc3 Rc8 28.Rec1 Rc5 29.g3 Kg7
30.Kg2 Rfc8 31.Rxc5 Rxc5 32.Rxc5 bxc5 33.Bc4 a4 34.Qd2 axb3 35.axb3 Qa3 36.fxe5 fxe5
37.Kh3 h6 38.Qc3 Qa2 39.b4 Qf2  0-1

[Event "CRO-ch (Women)"]
[Site "Pula"]
[Date "1996.??.??"]
[Round "?"]
[White "Stanic, Jadranka"]
[Black "Macek, Vlasta"]
[Result "0-1"]
[WhiteElo "2075"]
[BlackElo "2250"]

1.e4 c5 2.Nf3 e6 3.d4 cxd4 4.Nxd4 a6 5.Nc3 Qc7 6.Be3 Nf6 7.Bd3 Nc6 8.g4 h5
9.Nxc6 dxc6 10.f4 Nxg4 11.Qf3 Nxe3 12.Qxe3 Bb4 13.O-O-O Bxc3 14.bxc3 Bd7
15.Rhg1 g6 16.e5 Qa5 17.Kb2 c5 18.Qg3 O-O-O 19.Rb1 Bc6 20.Qe3 Rd7 21.Qe2 Rhd8
22.a3 Rc7 23.Bxg6 fxg6 24.Rxg6 Bd7 25.Qxh5 Rc6 26.Qf3 Rb6+ 27.Ka2 Rxb1 28.Kxb1 Qxa3
29.f5 Bc6 30.Qe2 Bd5 31.Qe1  0-1

[Event "Recklinghausen"]
[Site "Recklinghausen"]
[Date "1996.??.??"]
[Round "7"]
[White "Repkova Eid, Eva"]
[Black "Bischoff, Klaus"]
[Result "0-1"]
[WhiteElo "2345"]
[BlackElo "2530"]

1.e4 c5 2.Nf3 e6 3.d4 cxd4 4.Nxd4 a6 5.Nc3 Qc7 6.Be2 b5 7.O-O Bb7 8.a3 Nf6
9.Re1 d6 10.Bf1 Be7 11.f4 O-O 12.Bd2 Nbd7 13.Kh1 Rfe8 14.Qf3 Bf8 15.Qg3 Rac8
16.e5 dxe5 17.fxe5 Nh5 18.Qh3 g6 19.Be2 Ng7 20.Bf3 Nf5 21.Bxb7 Qxb7 22.Nf3 h5
23.Rad1 Bg7 24.Bg5 Rc4 25.Re2 Rec8 26.Rde1 a5 27.Nh4 Nxh4 28.Bxh4 b4 29.axb4 axb4
30.Ne4 Bxe5 31.c3 bxc3 32.bxc3 Qc7 33.Rf1 f5 34.Bg3 Bxg3 35.Nxg3 Nf8 36.Rfe1 Qf4
37.Re3 Rxc3 38.Nxf5 Rc1 39.Ne7+ Kf7 40.g4 hxg4 41.Nxg6 Kxg6 42.Qh8 Qxe3 43.Qg8+ Kh6  0-1

[Event "EU-ch U18 Girls"]
[Site "Rimavska Sobota"]
[Date "1996.??.??"]
[Round "2"]
[White "Kiss, Fernanda"]
[Black "Djingarova, Emilia"]
[Result "1-0"]
[WhiteElo "2190"]
[BlackElo "2095"]

1.e4 c5 2.Nf3 e6 3.d4 cxd4 4.Nxd4 a6 5.Nc3 Qc7 6.g3 Nf6 7.Bg2 Nc6 8.O-O Be7
9.Re1 d6 10.Nxc6 bxc6 11.e5 dxe5 12.Rxe5 O-O 13.Bf4 Qd7 14.Re1 Rd8 15.Qe2 Bb7
16.Na4 Qd4 17.c4 Rac8 18.Rad1 Qa7 19.Be3 Qb8 20.Bb6 Rxd1 21.Rxd1 c5 22.Bxb7 Qxb7
23.Bxc5 Rxc5 24.Nxc5 Bxc5 25.Rd8+ Bf8 26.Qe5 Qb4 27.c5 Ne4 28.Kg2 Qe1 29.Qd4 e5
30.Rxf8+  1-0

[Event "EU-ch U18 Girls"]
[Site "Rimavska Sobota"]
[Date "1996.??.??"]
[Round "3"]
[White "Gordon, Viktoria"]
[Black "Goletiani, Rusudan"]
[Result "1/2-1/2"]
[WhiteElo "2175"]
[BlackElo "2250"]

1.e4 c5 2.Nf3 e6 3.d4 cxd4 4.Nxd4 a6 5.Nc3 Qc7 6.Be2 Nf6 7.O-O Be7 8.Be3 d6
9.a4 b6 10.f4 Nbd7 11.Bf3 Bb7 12.Qe2 O-O 13.Rae1 g6 14.Kh1 Nc5 15.Bc1 Qd7
16.Qf2 e5 17.Nb3 Nxa4 18.Nxa4 Qxa4 19.Qxb6 Rab8 20.Qa5 Qc4 21.fxe5 Nxe4 22.Nd2 Nxd2
23.Bxd2 Bxf3 24.Rxf3 d5 25.Qc3 Qxc3 26.Bxc3 Bb4 27.Bxb4 Rxb4 28.b3 Rc8 29.Rf2 Rb6
30.Kg1 Rbc6 31.Ree2 Re8 32.Rf3 Rce6 33.Ref2 R8e7 34.Rf6 a5 35.Rd2 Rxe5 36.Rd6 Rf5
37.h3 Ree5 38.Ra6 d4 39.Rd6 Re1+ 40.Kh2 Rc5  1/2-1/2

[Event "Schwaebisch Gmund op"]
[Site "Schwaebisch Gmund"]
[Date "1996.??.??"]
[Round "9"]
[White "Ristic, Nenad"]
[Black "Balashov, Yuri S"]
[Result "1/2-1/2"]
[WhiteElo "2415"]
[BlackElo "2480"]

1.e4 c5 2.Nf3 e6 3.Nc3 a6 4.d4 cxd4 5.Nxd4 Qc7 6.Bd3 Nc6 7.Nxc6 dxc6 8.f4 e5
9.f5 Nf6 10.Qf3 b5 11.a4 Bb7 12.O-O h5 13.Kh1 Bc5 14.axb5 axb5 15.Rxa8+ Bxa8
16.Qg3 Kf8 17.Bg5 Bb7 18.Nb1 Bd4 19.c3 Bb6 20.Nd2 Qd6 21.Be3 h4 22.Qh3 Bxe3
23.Qxe3 h3 24.g3 c5 25.Bc2 Ke7 26.Nb3 Rc8 27.Rd1 Bxe4+ 28.Kg1 Qc6 29.Bxe4 Qxe4
30.Qxe4 Nxe4 31.Re1 Ng5 32.Rxe5+ Kd6 33.Re3 Kd5 34.Nd2 Ra8 35.Rd3+ Ke5 36.c4 bxc4
37.Nxc4+ Ke4 38.Rc3 Ra1+ 39.Kf2 Rh1 40.Nd2+ Kd4 41.Nb3+ Kd5 42.Rxc5+ Kd6
43.f6 Rxh2+ 44.Ke3 gxf6 45.Rf5 Rxb2 46.Nd2 Rxd2 47.Kxd2 Ne4+ 48.Ke1 h2 49.Rh5  1/2-1/2

[Event "Seefeld op"]
[Site "Seefeld"]
[Date "1996.??.??"]
[Round "?"]
[White "Kranebitter, Gerhard"]
[Black "Mattick, Lutz"]
[Result "1/2-1/2"]
[WhiteElo "1840"]
[BlackElo "2275"]

1.e4 c5 2.Nf3 e6 3.d4 cxd4 4.Nxd4 a6 5.Nc3 Qc7 6.Be2 b5 7.a3 Bb7 8.f4 b4
9.axb4 Bxb4 10.O-O Ne7 11.Qd3 O-O 12.f5 e5 13.Nb3  1/2-1/2

[Event "Seefeld op"]
[Site "Seefeld"]
[Date "1996.??.??"]
[Round "?"]
[White "Kranebitter, Gerhard"]
[Black "Kievelitz, Bernd"]
[Result "1-0"]
[WhiteElo "1840"]
[BlackElo "2145"]

1.e4 c5 2.Nf3 e6 3.d4 cxd4 4.Nxd4 a6 5.Nc3 Qc7 6.Be2 Nf6 7.O-O Be7 8.f4 d6
9.Bf3 O-O 10.Kh1 Bd7 11.Qe1 Nc6 12.Nb3 Rac8 13.Be3 b5 14.Qf2 Rb8 15.a3 e5
16.f5 Na5 17.Nxa5 Qxa5 18.g4 Bc6 19.g5 Ne8 20.f6 Bd8 21.Rg1 Bb6 22.Rae1 Nc7
23.Nd5 Nxd5 24.exd5 Bd7 25.Be4 g6 26.c3 Kh8 27.h4 Bxe3 28.Rxe3 Rbc8 29.h5 Qd8
30.hxg6 fxg6 31.Qh4 Qe8 32.b3 Qf7 33.Rg2 a5 34.Rh2 Rg8 35.Qf2 a4 36.bxa4 bxa4
37.Qc2 Rc5 38.Ree2 Bb5 39.Rxh7+  1-0

[Event "Sitges op"]
[Site "Sitges"]
[Date "1996.??.??"]
[Round "5"]
[White "Mitkov, Nikola"]
[Black "Spassov, Liuben"]
[Result "1-0"]
[WhiteElo "2475"]
[BlackElo "2440"]

1.e4 c5 2.Nc3 e6 3.Nf3 a6 4.d4 cxd4 5.Nxd4 Qc7 6.Bd3 Nf6 7.f4 Bb4 8.Bd2 Bxc3
9.bxc3 d6 10.O-O Nbd7 11.Qf3 Nc5 12.Rae1 e5 13.Qg3 Nh5 14.Qh4 Nxd3 15.cxd3 exd4
16.Qxh5 dxc3 17.Be3 Be6 18.f5 Bxa2 19.Ra1 Bc4 20.dxc4 Qxc4 21.Qg5 Qxe4 22.Rae1 O-O
23.Rf4 f6 24.Qg3 Qc6 25.Bd4 c2 26.Rc1 Rac8 27.Qb3+ Rf7 28.Rf2 Qc4 29.Qb2 Rfc7
30.Rfxc2 Qf7 31.Qxb7 Rxb7 32.Rxc8+ Qf8 33.Rxf8+ Kxf8 34.Rc6 Rb5 35.Rxd6 Rxf5
36.Rxa6 Kf7 37.Ra7+ Kg8 38.Rc7 Rd5 39.Be3 h6 40.Kf2 Rb5 41.Kf3 Rb4 42.Rd7 Ra4
43.g3 Rc4 44.Bd4 Rc2 45.h4 Ra2 46.Ra7 Rd2 47.Ke3 Rg2 48.Kf4 Rd2 49.Rd7 Rg2
50.Kg4 Kh8 51.Bc5 Kg8 52.Rd8+ Kf7 53.Kf5 g6+ 54.Kf4 Rc2 55.Bd4 Rc1 56.Rd6 Rf1+
57.Ke3 h5 58.Rc6 g5 59.Ke2 Rf5 60.Rc5  1-0

[Event "SLO-chT sf"]
[Site "SLO"]
[Date "1996.??.??"]
[Round "4"]
[White "Jober, R."]
[Black "Ilijin, Neboisa"]
[Result "0-1"]
[WhiteElo "2095"]
[BlackElo "2305"]

1.e4 c5 2.Nf3 e6 3.d4 cxd4 4.Nxd4 a6 5.Nc3 b5 6.g3 Bb7 7.Bg2 Nf6 8.O-O b4
9.e5 Bxg2 10.Kxg2 bxc3 11.exf6 Qxf6 12.bxc3 Be7 13.Rb1 O-O 14.Rb7 Rc8 15.Re1 Bf8
16.Bb2 Rc4 17.Nf3 d6 18.Qd3 Rc8 19.Re4 e5 20.c4 Qf5 21.g4 Qg6 22.h4 h6 23.h5 Qf6
24.Bc1 Nc6 25.g5 Qe6 26.gxh6 gxh6 27.Nh2 Kh8 28.Rg4 Be7 29.Kh1 Rg8 30.Rxg8+ Rxg8
31.Rc7 Nd4 32.Bxh6 Qxh6 33.Rxe7 Qg5  0-1

[Event "Sochi"]
[Site "Sochi"]
[Date "1996.??.??"]
[Round "?"]
[White "Saltaev, Mihail"]
[Black "Dragomarezkij, Evgeni"]
[Result "1-0"]
[WhiteElo "2530"]
[BlackElo "2455"]

1.e4 c5 2.Nf3 e6 3.d4 cxd4 4.Nxd4 a6 5.Nc3 d6 6.Bd3 Nf6 7.O-O Be7 8.Be3 Nbd7
9.f4 Qc7 10.Qf3 b5 11.Rae1 Bb7 12.Kh1 Nc5 13.Bg1 O-O 14.a3 Rab8 15.Qh3 Nxd3
16.cxd3 Kh8 17.Nf3 Bc8 18.Ng5 e5 19.f5 h6 20.Be3 b4 21.Nd5 Nxd5 22.exd5 Bxg5
23.Bxg5 Kh7 24.Re4 f6 25.Bxh6 gxh6 26.Rh4 Qg7 27.Rg4 Qf7 28.Rg6 Qxg6 29.fxg6+ Kxg6
30.Qg3+ Kh7 31.d4 Bd7 32.dxe5 fxe5 33.Qd3+ Kg7 34.Rxf8 Rxf8 35.Qxa6 bxa3
36.bxa3 Rf6 37.Kg1 Bf5 38.a4 Bc2 39.Qc4 Bb1 40.Qb3  1-0

[Event "RUS-Cup1 Chigorin mem"]
[Site "St Petersburg"]
[Date "1996.??.??"]
[Round "1"]
[White "Faibisovich, Vadim Z"]
[Black "Eingorn, Vereslav S"]
[Result "1/2-1/2"]
[WhiteElo "2410"]
[BlackElo "2585"]

1.e4 c5 2.Nf3 e6 3.Nc3 a6 4.d4 cxd4 5.Nxd4 Qc7 6.g3 Nf6 7.Bg2 Be7 8.Qe2 d6
9.O-O Nc6 10.Nxc6 bxc6 11.Na4 Nd7 12.b3 O-O 13.Bb2 Bb7 14.Rad1 c5 15.Rfe1 Rad8
16.c4 Bc6 17.e5 Bxa4 18.exd6 Bxd6 19.bxa4 Be7 20.Be4 Nf6 21.Be5 Qa5 22.Bc2 Rxd1
23.Rxd1 Rd8 24.Rxd8+ Qxd8 25.Bxf6 Bxf6 26.Qd3 g6 27.Qxd8+ Bxd8 28.Be4 a5
29.f4 Kg7 30.Kf2 f5 31.Bc6 h5 32.Kf3 h4 33.g4 h3 34.gxf5 exf5 35.Kg3 Bc7
36.Kxh3 Bxf4 37.Kg2 g5 38.Bd7 Kf6 39.h3 Ke5 40.Kf3 Bc1 41.Bc8 f4 42.Ba6  1/2-1/2

[Event "Petrov mem"]
[Site "St Petersburg"]
[Date "1996.??.??"]
[Round "2"]
[White "Kalegin, Evgenij"]
[Black "Alekseev, Vadim"]
[Result "1/2-1/2"]
[WhiteElo "2495"]
[BlackElo "2355"]

1.e4 c5 2.Nf3 e6 3.Nc3 a6 4.d4 cxd4 5.Nxd4 Nc6 6.g3 Nge7 7.Nb3 d6 8.Bg2 Bd7
9.O-O Nc8 10.f4 Be7 11.Be3 O-O 12.Qe2 b5 13.a4 b4 14.Nb1 Bf6 15.Ra2 a5 16.N1d2 Rb8
17.Nc4 Qc7 18.Rd1 Rd8 19.Bf2 Be8 20.Raa1 Be7 21.Nd4 Nxd4 22.Bxd4 Bf8 23.b3 Bc6
24.Kh1 Ra8 25.Rd2 d5 26.Be5 Qb7 27.Ne3 Ne7 28.Rad1 Re8 29.exd5 exd5 30.Qf2 Rad8
31.Bb2 Rd7 32.Ng4 d4 33.Ne5 Bxg2+ 34.Qxg2 Qxg2+ 35.Kxg2 Rc7 36.Bxd4 Nf5 37.Bb6 Rb7
38.Bf2 Rc7 39.g4 Nd6 40.Rxd6 Bxd6 41.Rxd6 Rxc2 42.Nc6 h5 43.Nd4 Rb2 44.gxh5 Re3
45.Ra6 Rd3 46.Nf3 f6 47.Rxa5 Rdxb3 48.Ra8+ Kf7 49.Ra7+ Kg8 50.Ra8+  1/2-1/2

[Event "Petrov mem"]
[Site "St Petersburg"]
[Date "1996.??.??"]
[Round "3"]
[White "Shaposhnikov, Evgeny"]
[Black "Vyzmanavin, Alexey"]
[Result "0-1"]
[WhiteElo "2320"]
[BlackElo "2610"]

1.e4 c5 2.Nf3 e6 3.d4 cxd4 4.Nxd4 a6 5.Nc3 Qc7 6.Be2 b5 7.O-O Bb7 8.Bf3 Nc6
9.Nxc6 dxc6 10.a4 b4 11.Nb1 Nf6 12.Nd2 Be7 13.Nc4 O-O 14.b3 Rfd8 15.Qe2 a5
16.Qe3 Ba6 17.Be2 Bxc4 18.Bxc4 Qe5 19.Rb1 Qxe4 20.Qxe4 Nxe4 21.Be3 Nc3 22.Rbe1 Nd5
23.g3 Bf6 24.Kg2 g6 25.Rd1 Rd7 26.Rd3 Rad8 27.Rfd1 e5 28.Bxd5 cxd5 29.Bb6 Rb8
30.Bxa5 d4 31.c3 bxc3 32.Rxc3 dxc3 33.Rxd7 Rc8 34.Bxc3 Rxc3 35.b4 Ra3 36.a5 Ra4
37.Rb7 e4 38.Rb6 Bd4  0-1

[Event "RUS-Cup1 Chigorin mem"]
[Site "St Petersburg"]
[Date "1996.??.??"]
[Round "3"]
[White "Yandemirov, Valeri"]
[Black "Nadezhdin, Dmitry"]
[Result "1-0"]
[WhiteElo "2465"]
[BlackElo "2210"]

1.e4 c5 2.Nf3 e6 3.Nc3 a6 4.d4 cxd4 5.Nxd4 Nc6 6.Be2 Nge7 7.O-O b5 8.Bg5 Nxd4
9.Qxd4 Nc6 10.Qe3 f6 11.Bf4 Ne5 12.Qg3 Qc7 13.a3 Bb7 14.Rad1 Rc8 15.Rd2 g6
16.Rfd1 Bc6 17.h4 Kf7 18.Na2 Rd8 19.Qc3 Qb8 20.Nb4 Bxb4 21.axb4 Rhe8 22.Rd6 Bxe4
23.Bxe5 fxe5 24.Qxe5 Qb7 25.h5 gxh5 26.Bxh5+ Bg6 27.R1d3 Rg8 28.Rf3+ Ke7
29.Qg5+ Ke8 30.Bxg6+ Rxg6 31.Rf8+  1-0

[Event "Star Dojran"]
[Site "Star Dojran"]
[Date "1996.??.??"]
[Round "7"]
[White "Nedev, Trajce"]
[Black "Bogdanovski, Vlatko"]
[Result "1/2-1/2"]
[WhiteElo "2385"]
[BlackElo "2455"]

1.e4 c5 2.Nf3 e6 3.d4 cxd4 4.Nxd4 a6 5.Nc3 Qc7 6.Be2 Nf6 7.O-O Bb4 8.Qd3 Nc6
9.Bd2 Be7 10.Nxc6 bxc6 11.Na4 d5  1/2-1/2

[Event "Rilton Cup 96/97"]
[Site "Stockholm"]
[Date "1996.??.??"]
[Round "3"]
[White "Johansson, Jan"]
[Black "Hellsten, Johan"]
[Result "1/2-1/2"]
[WhiteElo "2365"]
[BlackElo "2490"]

1.e4 c5 2.Nf3 e6 3.d4 cxd4 4.Nxd4 a6 5.Nc3 Qc7 6.g3 Nf6 7.Bg2 Be7 8.O-O O-O
9.Qe2 d6 10.Be3 Nc6 11.Rad1 Bd7 12.Nb3 b5 13.a3 Rfc8 14.g4 Be8 15.g5 Nd7
16.f4 Bf8 17.Bc1 Rab8 18.Kh1 g6 19.Rd3 a5 20.Rh3 b4 21.axb4 axb4 22.Nd1 Bg7
23.Qf2 f5 24.gxf6 Nxf6 25.f5 exf5 26.exf5 Rb5 27.Ne3 g5 28.Rd1 Bf7 29.Bf1 Re5
30.Nd2 Rxe3 31.Qxe3 g4 32.Rg3 Ne5 33.c4 bxc3 34.bxc3 Nd5 35.Qg5 h6 36.Qh4 Nf4
37.Ne4 Qb7 38.Re3 Nd5 39.Ree1 Nxc3 40.Bxh6 Nxd1 41.Bxg7 Bd5 42.Bg2 Kxg7 43.f6+ Kg8
44.Qg5+ Kh8 45.Qh6+ Qh7 46.Qxh7+ Kxh7 47.Rxd1 Kg6 48.Rxd5 Rc1+ 49.Bf1 Rxf1+
50.Kg2 Re1 51.Nxd6 Kxf6 52.Rd4 Kg5 53.Re4 Nd3  1/2-1/2

[Event "SUI-chT"]
[Site "SUI"]
[Date "1996.??.??"]
[Round "1"]
[White "Atlas, Valeri"]
[Black "Gheorghiu, Florin"]
[Result "1/2-1/2"]
[WhiteElo "2470"]
[BlackElo "2475"]

1.e4 c5 2.Nf3 e6 3.d4 cxd4 4.Nxd4 a6 5.Nc3 Qc7 6.g3 Bb4 7.Ne2 Nf6 8.Bg2 Be7
9.O-O Nc6 10.Nf4 O-O 11.a4 b6 12.h4 Bb7 13.g4 Bd6 14.Nd3 Ne5 15.g5 Ne8 16.f4 Nxd3
17.cxd3 f5 18.gxf6 gxf6 19.Be3 Kh8 20.Rc1 Qd8 21.Rf3 Rg8 22.Qe1 Bc6 23.Rg3 Ng7
24.Qe2 Qe7 25.Rf1 Qf7 26.Qf2  1/2-1/2

[Event "SUI-chT"]
[Site "SUI"]
[Date "1996.??.??"]
[Round "2"]
[White "Masserey, Yvan"]
[Black "Milosevic, Goran"]
[Result "1-0"]
[WhiteElo "2305"]
[BlackElo "2380"]

1.e4 c5 2.Nf3 e6 3.d4 cxd4 4.Nxd4 a6 5.Nc3 Qc7 6.f4 d6 7.Be3 Nf6 8.Qf3 Be7
9.O-O-O Nbd7 10.g4 g5 11.fxg5 Ne5 12.Qg3 Nfd7 13.Bd3 b5 14.Kb1 Bb7 15.Nf3 b4
16.Nxe5 Nxe5 17.Ne2 Rg8 18.h4 h6 19.Nd4 hxg5 20.hxg5 O-O-O 21.Rh7 Rd7 22.Nf3 Nxf3
23.Qxf3 Bd8 24.c3 d5 25.Rc1 b3 26.axb3 Qe5 27.exd5 Bxd5 28.Qf4 Qxf4 29.Bxa6+ Kb8
30.Bxf4+ Ka7 31.Bd3 Bxb3 32.Bc2 Bxc2+ 33.Kxc2 Bxg5 34.Rf1 Kb6 35.Be5 Rd2+
36.Kb3 Rg2 37.Rfxf7 Rxg4 38.Bd4+ Kc6 39.Rc7+ Kd5 40.Rc5+ Ke4 41.Re5+ Kd3
42.Rxe6 Rb8+ 43.Bb6  1-0

[Event "SUI-chT"]
[Site "SUI"]
[Date "1996.??.??"]
[Round "9"]
[White "Milosevic, Goran"]
[Black "Atlas, Valeri"]
[Result "1/2-1/2"]
[WhiteElo "2380"]
[BlackElo "2470"]

1.e4 c5 2.Nc3 a6 3.Nf3 e6 4.d4 cxd4 5.Nxd4 Qc7 6.g3 d6 7.Bg2 Nf6 8.O-O Be7
9.a4 Nc6 10.Nb3 O-O 11.a5 Ne5 12.Qe2 Nfd7 13.Rd1 Nc4 14.Rd4 b5 15.axb6 Ncxb6
16.Rd1 Rb8 17.Na5  1/2-1/2

[Event "SVK-chT9596"]
[Site "?"]
[Date "1996.??.??"]
[Round "10"]
[White "Petrik, Tomas"]
[Black "Berezjuk, Sergej"]
[Result "0-1"]
[WhiteElo "2180"]
[BlackElo "2425"]

1.e4 c5 2.Nf3 e6 3.d4 cxd4 4.Nxd4 a6 5.Nc3 b5 6.a3 Qc7 7.Be2 Bb7 8.Bf3 Nf6
9.O-O d6 10.g3 Be7 11.Bg2 Nc6 12.Nxc6 Bxc6 13.Qe2 O-O 14.f4 a5 15.e5 dxe5
16.Qxe5 Qb7 17.Qe2 Rac8 18.Bxc6 Qxc6 19.Be3 b4 20.axb4 axb4 21.Na4 Qxc2 22.Qxc2 Rxc2
23.Rac1 Rfc8 24.Rxc2 Rxc2 25.Rc1 Rxc1+ 26.Bxc1 Nd5 27.Kf2 h5 28.b3 Kf8 29.Nb2 Bc5+
30.Kf3 Ke7 31.Nd3 Bd4 32.Bd2 Bc3 33.Be3 Nxe3 34.Kxe3 Kd6 35.Nf2 Kd5 36.Kd3 f5
37.Nh3 Bf6 38.Ng1 g5 39.Ne2 e5 40.fxe5 Bxe5 41.h3 Bd6 42.Nd4 Ke5 43.Ne2 Bc5
44.Kc4 Bf8 45.Kd3 Be7 46.Nd4 Bc5 47.Nf3+ Kf6 48.Ke2 Bd6 49.Kf2 g4 50.hxg4 hxg4
51.Nd2 Ke6 52.Nc4 Kd5 53.Ne3+ Ke4 54.Ng2  0-1

[Event "SWE-chT 9596"]
[Site "?"]
[Date "1996.??.??"]
[Round "?"]
[White "Thornert, Hakan"]
[Black "Welin, Thomas"]
[Result "1/2-1/2"]
[WhiteElo "2215"]
[BlackElo "2375"]

1.e4 c5 2.Nf3 e6 3.d4 cxd4 4.Nxd4 a6 5.Nc3 Qc7 6.Be3 Nc6 7.Bd3 Nf6 8.O-O Nxd4
9.Bxd4 Bc5 10.Bxf6 gxf6 11.Qg4 Qe5 12.Kh1 Qg5 13.Qe2 h5 14.f4 Qg4 15.Qd2 b5
16.Be2 Qg7 17.Rad1 Ra7 18.Rf3 h4 19.Rd3 h3 20.g3 Qf8 21.Bf3 Qe7 22.f5 Rc7
23.Qf4 Bb6 24.e5 Rc4 25.Ne4 Bc7 26.fxe6 Bxe5 27.exf7+ Kxf7 28.Qd2 Rc7 29.Nd6+ Bxd6
30.Rxd6 Re8 31.Rf1 Bb7 32.Bxb7 Rxb7 33.Rdxf6+ Qxf6 34.Rxf6+ Kxf6 35.Qh6+ Kf7
36.Qxh3 Re6 37.Qf5+ Ke7 38.h4 Rc7 39.Qg5+ Ke8 40.Qd2 Rc4 41.Kg2 Rce4 42.Kf3 Re1
43.Qd3 Rh1 44.Kg4 Rh2 45.h5 Ke7 46.a3 Re5 47.Qh7+ Kd6 48.Qg7 Re6 49.Qd4+ Kc6
50.c4 bxc4 51.Qxc4+ Kb7 52.Qd4 Kc7 53.Kg5 Rhe2 54.g4 d5 55.Kh4 Kd6 56.Qf4+ Kc5
57.Qc7+ Kd4 58.Qf4+ Kd3 59.Qf5+ Kc4 60.b3+ Kxb3 61.Qxd5+ Kxa3 62.g5 R6e4+
63.Kg3 R2e3+ 64.Kf2 Re2+ 65.Kf3 R2e3+  1/2-1/2

[Event "SWE-chT 9596"]
[Site "?"]
[Date "1996.??.??"]
[Round "?"]
[White "Sanden, Stefan"]
[Black "Nordstrom, Felix"]
[Result "0-1"]
[WhiteElo "2330"]
[BlackElo "2220"]

1.e4 c5 2.Nf3 e6 3.d4 cxd4 4.Nxd4 a6 5.Nc3 Qc7 6.Bd3 Nc6 7.Nxc6 dxc6 8.O-O e5
9.f4 Nf6 10.fxe5 Ng4 11.Qf3 Bc5+ 12.Kh1 O-O 13.Qg3 Bd4 14.Bf4 Bxe5 15.Bc4 b5
16.Bb3 Qe7 17.Rad1 Bxf4 18.Qxf4 Ne5 19.Ne2 Bg4 20.Rde1 Bxe2 21.Rxe2 Rad8
22.h3 Kh8 23.a4 f6 24.Qe3 Qb4 25.Qb6 Rb8 26.Qxa6 Ra8 27.Qb6 Rfb8 28.Qf2 bxa4
29.Be6 Qe7 30.Bf5 Rxb2 31.Qh4 g6 32.Bg4 a3 33.Ree1 a2 34.Ra1 Rab8 35.Qf2 Kg7
36.Kg1 R8b4 37.Kh2 Nxg4+ 38.hxg4 Rxe4 39.g5 fxg5 40.Kg1 Rf4  0-1

[Event "EU-ch U20 Girls"]
[Site "Tapolca"]
[Date "1996.??.??"]
[Round "6"]
[White "Lendvai, Edit"]
[Black "Besheva, Svetla"]
[Result "1/2-1/2"]
[WhiteElo "2080"]
[BlackElo "2045"]

1.e4 c5 2.Nf3 e6 3.d4 cxd4 4.Nxd4 a6 5.Nc3 Qc7 6.g3 Nf6 7.Bg2 Nc6 8.a4 Nxd4
9.Qxd4 Bc5 10.Qd1 Rb8 11.O-O d6 12.Qe2 O-O 13.Kh1 Re8 14.f4 Nd7 15.Be3 Qb6
16.Bxc5 Qxc5 17.Rfd1 Nf6 18.g4 d5 19.g5 Nxe4 20.Nxe4 dxe4 21.Bxe4 g6 22.Qd3 e5
23.f5 Bxf5 24.Bxf5 gxf5 25.Qxf5 Qc6+ 26.Kg1 Re7 27.Ra3 e4 28.Rh3 Qg6 29.Qxg6+ hxg6
30.Re3 Rc8 31.c3 Rc5 32.h4 Rf5 33.Kg2 Kg7 34.Rd4 Rfe5 35.Rd6 Ra5 36.b3 Rf5
37.Kg3 Rf1 38.Rd4 Rg1+ 39.Kh2 Rb1 40.b4 Rb3 41.Rc4 f5 42.gxf6+ Kxf6 43.Kg3 Kf5
44.a5 Re5 45.Rc7 Rb5 46.Rc4 Re5 47.Rc7 Rb5 48.Rc4 Re5 49.Rc7  1/2-1/2

[Event "EU-ch U20 Girls"]
[Site "Tapolca"]
[Date "1996.??.??"]
[Round "10"]
[White "Ipavec, Petra"]
[Black "Kiss, Fernanda"]
[Result "0-1"]
[WhiteElo "2070"]
[BlackElo "2190"]

1.e4 c5 2.Nf3 e6 3.d4 cxd4 4.Nxd4 a6 5.Nc3 Qc7 6.Be2 Nc6 7.O-O Nf6 8.Kh1 Nxd4
9.Qxd4 Bc5 10.Qd3 h5 11.f4 Ng4 12.Bxg4 hxg4 13.Be3 b5 14.e5 Bb7 15.Ne4 Bxe4
16.Qxe4 Rc8 17.c3 Qc6 18.Qxc6 Rxc6 19.Bxc5 Rxc5 20.Rad1 g5 21.g3 gxf4 22.gxf4 g3
23.Rd2 Rd5 24.Re2 gxh2 25.b3 Rd3 26.Rc2 Rhh3 27.c4 bxc4 28.Rxc4 Rd2 29.Ra4 Rg3
30.Rxa6 Rdg2 31.Rd1 Rg4 32.Rd4 Rb2 33.Rd1 Kf8 34.Ra4 Kg7 35.a3 Rg3 36.Rb4 Kg6
37.a4 Kf5 38.Rbd4 Kg4 39.Rxd7 Rbg2 40.a5 Rg1+  0-1

[Event "GEO-ch"]
[Site "Tbilisi"]
[Date "1996.??.??"]
[Round "?"]
[White "Gurgenidze, Bukhuti"]
[Black "Kacheishvili, Giorgi"]
[Result "0-1"]
[WhiteElo "2340"]
[BlackElo "2460"]

1.e4 c5 2.Nc3 e6 3.Nf3 a6 4.d4 cxd4 5.Nxd4 Qc7 6.Bd3 Nc6 7.Nxc6 dxc6 8.f4 e5
9.f5 Nf6 10.g4 h6 11.Qf3 b5 12.a4 Bb7 13.axb5 axb5 14.Rxa8+ Bxa8 15.Be3 Nd7
16.Qf2 Qa5 17.O-O Bb4 18.Nb1 Be7 19.Nd2 Qb4 20.Ra1 O-O 21.Nb3 Qd6 22.Be2 c5
23.Bxb5 Bxe4 24.Bxd7 Qxd7 25.Nxc5 Bxc5 26.Bxc5 Rd8 27.Re1 Bb7 28.h3 f6 29.Kh2 Qd5
30.b4 Ra8 31.Qe2 Ra2 32.Rd1 Qc6 33.Rd8+ Kh7 34.Rd1 Ra3 35.Rg1 Rc3 36.Rd1 Qa4
37.Rd2 Qa1  0-1

[Event "Tel Aviv Cup rapid"]
[Site "Tel Aviv"]
[Date "1996.??.??"]
[Round "1"]
[White "Krays, Alexander"]
[Black "Kataev, Simcho"]
[Result "1-0"]
[WhiteElo "2440"]
[BlackElo "2355"]

1.e4 c5 2.Nf3 e6 3.Nc3 a6 4.d4 cxd4 5.Nxd4 Qc7 6.g3 b5 7.Bg2 Bb7 8.O-O d6
9.a3 Nd7 10.Re1 Ngf6 11.g4 h6 12.Kh1 Be7 13.f4 e5 14.Nf5 g6 15.Nxe7 Kxe7
16.Nd5+ Bxd5 17.exd5 Rae8 18.g5 hxg5 19.fxe5 Nxe5 20.Bxg5 Rh5 21.Qd2 Reh8
22.Rxe5+ dxe5 23.d6+ Qxd6 24.Qxd6+ Kxd6 25.Bxf6 Rxh2+ 26.Kg1 R8h5 27.Rf1 Ke6
28.b3 Rxg2+ 29.Kxg2 e4 30.Bd4 f5 31.c4 bxc4 32.bxc4 Rh7 33.Rb1 f4 34.Rb6+ Kf5
35.Rf6+ Kg5 36.c5 Re7  1-0

[Event "Toscolano op"]
[Site "Toscolano"]
[Date "1996.??.??"]
[Round "7"]
[White "Mora, Federico"]
[Black "Rossi, Giampiero"]
[Result "1-0"]
[WhiteElo "2335"]
[BlackElo "2105"]

1.e4 c5 2.Nf3 e6 3.Nc3 a6 4.d4 cxd4 5.Nxd4 Qc7 6.a3 Nf6 7.f4 d6 8.Be3 Be7
9.Bd3 O-O 10.O-O Bd7 11.Qf3 Nc6 12.Qg3 Rfc8 13.Nf3 b5 14.e5 Ne8 15.Ne4 Bf8
16.Nfg5 h6 17.Nxf7 Kxf7 18.Qg6+ Kxg6 19.Nxd6+ Kh5 20.Rf3 Nxd6 21.Rh3+ Kg4
22.Rg3+ Kh4 23.Bf2 Qa7 24.Rh3+ Kg4 25.Rh4+  1-0

[Event "Toscolano op"]
[Site "Toscolano"]
[Date "1996.??.??"]
[Round "9"]
[White "Agnelli, Francesco"]
[Black "Rossi, Giampiero"]
[Result "0-1"]
[WhiteElo "2085"]
[BlackElo "2105"]

1.e4 c5 2.Nf3 e6 3.d4 cxd4 4.Nxd4 a6 5.Nc3 Qc7 6.Bd3 Nc6 7.Be3 Nf6 8.Qe2 b5
9.O-O Ne5 10.h3 Bb7 11.f4 Nc4 12.Ndxb5 axb5 13.Nxb5 Qc6 14.Bxc4 Nxe4 15.Rf3 Nd6
16.Nxd6+ Bxd6 17.f5 Rc8 18.Bd3 O-O 19.fxe6 dxe6 20.c3 Bb8 21.Bf2 Qc7 22.Rg3 Qc6
23.Rf3 Qd6 24.Rg3 Rfd8 25.Be4 Bxe4 26.Qxe4 Qd2 27.Rf3 Qxb2 28.Rf1 Rd7 29.Bd4 Ba7
30.Rb1 Bxd4+ 31.cxd4 Qxd4+ 32.Qxd4 Rxd4 33.Rb7 Rf8 34.Ra3 Rdd8 35.Raa7 g6
36.a4 Kg7 37.a5 h5 38.a6 Rd2 39.Kf1 Kf6 40.Kg1 h4 41.Rb4 g5 42.Rc7 Ra2 43.a7 Rd8
44.Rb1 Rdd2 45.Rf1+ Kg6 46.Rfxf7 Rxg2+ 47.Kf1 Rg3 48.Rf8 Rga3 49.Rg8+ Kf6
50.Rcg7 Rc3 51.Rg6+ Ke7 52.R6g7+ Kd6 53.Rd8+ Ke5 54.Rd1 Kf6 55.Rb7 Rxh3 56.Kg1 Rg3+
57.Kh1 h3 58.Rf1+ Kg6 59.Re1 Rgg2 60.Rxe6+ Kf5 61.Re1 Rh2+ 62.Kg1 Rag2+  0-1

[Event "CRO-chT"]
[Site "Tucepi"]
[Date "1996.??.??"]
[Round "?"]
[White "Mohr, Georg"]
[Black "Horvath, Csaba"]
[Result "1/2-1/2"]
[WhiteElo "2495"]
[BlackElo "2540"]

1.e4 c5 2.Nf3 e6 3.d4 cxd4 4.Nxd4 a6 5.Nc3 Qc7 6.Bd3 Nf6 7.O-O Bc5 8.Nb3 Be7
9.f4 d6 10.a4 b6 11.Qe2 Bb7  1/2-1/2

[Event "CRO-chT"]
[Site "Tucepi"]
[Date "1996.??.??"]
[Round "?"]
[White "Mihevc, Narcisa"]
[Black "Medvegy, Nora"]
[Result "1/2-1/2"]
[WhiteElo "2250"]
[BlackElo "2300"]

1.e4 c5 2.Nf3 e6 3.d4 cxd4 4.Nxd4 a6 5.Nc3 Qc7 6.g3 Nc6 7.Bg2 d6 8.O-O Bd7
9.a4 Nf6 10.Nb3 Be7 11.a5  1/2-1/2

[Event "CRO-chT"]
[Site "Tucepi"]
[Date "1996.??.??"]
[Round "?"]
[White "Vujakovic, Branko"]
[Black "Kurajica, Bojan"]
[Result "0-1"]
[WhiteElo "2385"]
[BlackElo "2505"]

1.e4 c5 2.Nf3 e6 3.d4 cxd4 4.Nxd4 a6 5.Nc3 Qc7 6.Be2 b5 7.O-O Bb7 8.Bf3 Be7
9.e5 b4 10.Na4 Nc6 11.Nxc6 Bxc6 12.Bxc6 Qxc6 13.c3 f6 14.exf6 Nxf6 15.cxb4 Bxb4
16.Be3 O-O 17.Rc1 Qb5 18.Bc5 Rfc8 19.Bxb4 Qxb4 20.b3 Nd5 21.Qe2 a5 22.g3 h6
23.Rfd1 Rab8 24.Qa6 Rxc1 25.Rxc1 Qd2 26.Rc8+ Rxc8 27.Qxc8+ Kh7 28.h4 Nf6
29.Qc3 Qxa2 30.Qd3+ Kh8 31.Nb6 d5 32.Nc8 Qa3 33.Qe3 Ne4 34.Qf4 Qc5  0-1